Some latin american festivals and folk dances

Saved in:
Bibliografiske detaljer
Corporate Authors: OEA (Author), Organización de Estados Americanos (Author)
Format: Bog
Sprog:engelsk
Udgivet: Washington, D.C OEA 1956
Fag:
Tags: Tilføj Tag
Ingen Tags, Vær først til at tagge denne postø!

MARC

LEADER 00000nam a2200000 a 4500
001 UCN2938
003 CL-VaPUC
008 010615e19560000US |||||||||||||||||eng|d
082 0 4 |a 793.3198  |b OEA  |2 21 
110 2 |a OEA  |e author  |9 459252 
710 2 |a Organización de Estados Americanos  |e author  |9 459253 
245 1 0 |a Some latin american festivals and folk dances 
300 |a 19 p 
942 |c BK 
945 |d 20010615 00:00:00  |a crobeson 
260 |a Washington, D.C  |b OEA  |c 1956 
650 0 |a Danzas folklóricas  |9 330042 
650 7 |a CULTURAS POPULARES  |2 CL-VaPUC  |9 338177 
650 0 |a Danza  |9 328568 
650 0 |a Antropología cultural y social   |9 265143 
650 0 |a Costumbres y tradiciones   |9 268292 
650 7 |a FOLKLORE  |2 CL-VaPUC  |9 268291 
650 0 |a Música folklórica  |9 306412 
651 0 |a América Latina   |9 255027 
583 |a last modification  |c 20010615 00:00:00  |k Rodrigo Vera 
999 |c 295954  |d 295952